Ročenka HN 98 příloha Hospodářských novin
Salvato in:
| Altri autori: | |
|---|---|
| Natura: | Libro |
| Lingua: | ceco |
| Pubblicazione: |
Praha
Economia
1998
|
| Soggetti: | |
| Tags: |
Nessun Tag, puoi essere il primo ad aggiungerne!!
|
MARC
| LEADER | 00000nam a2200000 4500 | ||
|---|---|---|---|
| 001 | c102684 | ||
| 005 | 20230217123917.2 | ||
| 041 | 0 | |a cze | |
| 044 | |a CZ | ||
| 245 | 1 | 0 | |a Ročenka HN 98 |b příloha Hospodářských novin |c [hlavná redakcia: Jiří Sekera] |
| 264 | 1 | |a Praha |b Economia |c 1998 | |
| 300 | |a 384 s. | ||
| 610 | 2 | 0 | |a údaje štatistické |
| 610 | 2 | 0 | |a politika |
| 610 | 2 | 0 | |a hospodárstvo národné |
| 610 | 2 | 0 | |a peniaze |
| 610 | 2 | 0 | |a podnikanie |
| 610 | 2 | 0 | |a občania |
| 610 | 2 | 0 | |a spoločnosť |
| 610 | 2 | 0 | |a regióny |
| 610 | 2 | 0 | |a hospodárstvo svetové |
| 610 | 2 | 0 | |a politika medzinárodná |
| 610 | 2 | 0 | |a legislatíva |
| 610 | 2 | 0 | |a médiá |
| 610 | 2 | 0 | |a výstavy |
| 610 | 2 | 0 | |a Česko |
| 700 | 1 | |a Sekera, Jiří | |